Die Religionen als Thema der Theologie: die Relevanz der Religionen für das Selbstverständnis der Theologie
| Main Author: | |
|---|---|
| Format: | Print Article |
| Language: | Undetermined language |
| Check availability: | HBZ Gateway |
| Interlibrary Loan: | Interlibrary Loan for the Fachinformationsdienste (Specialized Information Services in Germany) |
| Published: |
1999
|
| In: |
Beiträge zur systematischen Theologie ; Bd. 1: Philosophie, Religion, Offenbarung
Year: 1999, Pages: 160-172 |
| Further subjects: | B
Dialogue
B World Religions B Weltreligionen B Christianity |
MARC
| LEADER | 00000caa a22000002c 4500 | ||
|---|---|---|---|
| 001 | 597269661 | ||
| 003 | DE-627 | ||
| 005 | 20220705141413.0 | ||
| 007 | tu | ||
| 008 | 090404s1999 xx ||||| 00| ||und c | ||
| 020 | |a 3525561946 | ||
| 035 | |a (DE-627)597269661 | ||
| 035 | |a (DE-599)GBV597269661 | ||
| 040 | |a DE-627 |b ger |c DE-627 |e rakwb | ||
| 084 | |a 0 |2 ssgn | ||
| 100 | 1 | |a Pannenberg, Wolfhart |4 aut | |
| 245 | 1 | 4 | |a Die Religionen als Thema der Theologie |b die Relevanz der Religionen für das Selbstverständnis der Theologie |c Wolfhart Pannenberg |
| 264 | 1 | |c 1999 | |
| 336 | |a Text |b txt |2 rdacontent | ||
| 337 | |a ohne Hilfsmittel zu benutzen |b n |2 rdamedia | ||
| 338 | |a Band |b nc |2 rdacarrier | ||
| 601 | |a Theologie | ||
| 601 | |a Relevanz | ||
| 601 | |a Selbstverständnis | ||
| 650 | 4 | |a Dialog | |
| 650 | 4 | |a Christentum | |
| 650 | 4 | |a Weltreligionen | |
| 650 | 4 | |a Dialogue | |
| 650 | 4 | |a Christianity | |
| 650 | 4 | |a World Religions | |
| 773 | 0 | 8 | |i In |a Pannenberg, Wolfhart |t Beiträge zur systematischen Theologie ; Bd. 1: Philosophie, Religion, Offenbarung |d Göttingen : Vandenhoeck & Ruprecht, 1999 |g (1999), S. 160-172 |h 328 Seiten |w (DE-627)302010939 |w (DE-576)9302010937 |z 3525561946 |7 nnam |
| 773 | 1 | 8 | |g year:1999 |g pages:160-172 |
| 951 | |a AR | ||
| ELC | |b 1 | ||
| ORI | |a SA-MARC-ixtheo_oa001.raw | ||
| REL | |a 1 | ||
| STA | 0 | 0 | |a Christianity,Christian world view,World view,Christian ideology,Dialogue,Dialogue,Dialogue,Dialog,Dialogue |
| STB | 0 | 0 | |a Christianisme,Christianisme,Dialogue,Dialogue,Dialogue,Dialogue |
| STC | 0 | 0 | |a Cristianismo,Cristianismo,Cristiandad,Cristiandad,Cristiandad (Motivo),Cristiandad,Diálogo,Diálogo,Diálogo,Diálogo |
| STD | 0 | 0 | |a Cristianesimo,Cristianesimo,Dialogo,Dialogo,Dialogo,Dialogo |
| STE | 0 | 0 | |a 基督教,基督教,基督教世界观,对话,对话 |
| STF | 0 | 0 | |a 基督教,基督教,基督教世界觀,對話,對話 |
| STG | 0 | 0 | |a Cristianismo,Cristianismo,Cristandade,Cristandade,Cristandade (Motivo),Cristandade,Diálogo,Diálogo,Diálogo,Diálogo |
| STH | 0 | 0 | |a Диалог (мотив),Диалог (музыка),Диалог (литературный жанр),Диалог,Христианство (мотив),Христианство |
| STI | 0 | 0 | |a Διάλογος (μοτίβο),Διάλογος (μουσική),Διάλογος (λογοτεχνικό είδος),Διάλογος,Χριστιανισμός (μοτίβο),Χριστιανισμός |
| SUB | |a REL | ||
| SYE | 0 | 0 | |a Mittelstandskongress,Kongress für den Mittelstand,Dialogue , Dialogliteratur,Zwiegespräch,Dialoge,Dialogue,Wechselrede , Christianity,Christliche Mission,Missionierung,Christenheit,Christianitas,Christliche Religion,Christliche Weltanschauung |



